Southville International School and Colleges
Your cart is empty.
  • Cart
  • Lists
    Public lists Eva Luna New books Lux_list list_1
    Your lists Log in to create your own lists
  • Log in to your account
  • Your cookies
  • Search history
Southville International School and Colleges
  • Advanced search
  • Recent comments
  • Most popular
  • Libraries

Log in to your account

Log in with GOOGLE


If you do not have an external account, but do have a local account, you can still log in:

  1. Home
  2. MARC view: Delivered from distraction :
Normal view MARC view ISBD view

Delivered from distraction : (Record no. 15435)

[ view plain ]
MARC details
000 -LEADER
fixed length control field 01496cam a22003614a 4500
001 - CONTROL NUMBER
control field 13603297
003 - CONTROL NUMBER IDENTIFIER
control field OSt
005 - DATE AND TIME OF LATEST TRANSACTION
control field 20140310182729.0
008 - FIXED-LENGTH DATA ELEMENTS--GENERAL INFORMATION
fixed length control field 040524s2005 nyu b 001 0 eng
010 ## - LIBRARY OF CONGRESS CONTROL NUMBER
LC control number 2004052815
020 ## - INTERNATIONAL STANDARD BOOK NUMBER
International Standard Book Number 9780345442314
040 ## - CATALOGING SOURCE
Original cataloging agency DLC
Transcribing agency DLC
Modifying agency DLC
042 ## - AUTHENTICATION CODE
Authentication code pcc
050 00 - LIBRARY OF CONGRESS CALL NUMBER
Classification number RC 394.A85
Item number .H349 2006
100 1# - MAIN ENTRY--PERSONAL NAME
Personal name Hallowell, Edward M.
245 10 - TITLE STATEMENT
Title Delivered from distraction :
Remainder of title getting the most out of life with attention deficit disorder /
Statement of responsibility, etc Edward M. Hallowell, John J. Ratey.
250 ## - EDITION STATEMENT
Edition statement 1st ed.
260 ## - PUBLICATION, DISTRIBUTION, ETC. (IMPRINT)
Place of publication, distribution, etc New York :
Name of publisher, distributor, etc Ballantine Books,
Date of publication, distribution, etc c2005.
300 ## - PHYSICAL DESCRIPTION
Extent xxxiii, 380 p. ;
Dimensions 25 cm.
504 ## - BIBLIOGRAPHY, ETC. NOTE
Bibliography, etc Includes bibliographical references (p. 351-353) and index.
526 ## - STUDY PROGRAM INFORMATION NOTE
Reading level 1210L to 1700L
562 ## - COPY AND VERSION IDENTIFICATION NOTE
Number of copies For Circulation. 1 copy in the Collection
650 #0 - SUBJECT ADDED ENTRY--TOPICAL TERM
Topical term or geographic name as entry element Attention-deficit hyperactivity disorder
Form subdivision Popular works.
650 #0 - SUBJECT ADDED ENTRY--TOPICAL TERM
Topical term or geographic name as entry element Attention-deficit disorder in adults
Form subdivision Popular works.
700 1# - ADDED ENTRY--PERSONAL NAME
Personal name Ratey, John J.,
Dates associated with a name 1948-
856 42 - ELECTRONIC LOCATION AND ACCESS
Materials specified Contributor biographical information
Uniform Resource Identifier <a href="http://www.loc.gov/catdir/bios/random056/2004052815.html">http://www.loc.gov/catdir/bios/random056/2004052815.html</a>
856 41 - ELECTRONIC LOCATION AND ACCESS
Materials specified Sample text
Uniform Resource Identifier <a href="http://www.loc.gov/catdir/samples/random051/2004052815.html">http://www.loc.gov/catdir/samples/random051/2004052815.html</a>
856 42 - ELECTRONIC LOCATION AND ACCESS
Materials specified Publisher description
Uniform Resource Identifier <a href="http://www.loc.gov/catdir/description/random051/2004052815.html">http://www.loc.gov/catdir/description/random051/2004052815.html</a>
906 ## - LOCAL DATA ELEMENT F, LDF (RLIN)
a 7
b cbc
c orignew
d 1
e ocip
f 20
g y-gencatlg
942 ## - ADDED ENTRY ELEMENTS (KOHA)
Source of classification or shelving scheme Library of Congress Classification
Koha item type Books
Holdings
Withdrawn status Lost status Source of classification or shelving scheme Damaged status Home library Current library Shelving location Date acquired Source of acquisition Cost, normal purchase price Total Checkouts Full call number Barcode Checked out Date last seen Date checked out Copy number Price effective from Koha item type
    Library of Congress Classification   College Library College Library General Circulation Section 01/04/2011   659.00 1 RC 394.A85 .H349 2006 C11903 10/19/2023 10/12/2023 10/12/2023 1 10/18/2013 Books

Delivered from distraction :

APA

Hallowell E. M., Ratey J. J., . (2005). Delivered from distraction. New York: Ballantine Books.

Chicago

Hallowell Edward M, Ratey John J, . 2005. Delivered from distraction. New York: Ballantine Books.

Harvard

Hallowell E. M., Ratey J. J., . (2005). Delivered from distraction. New York: Ballantine Books.

MLA

Hallowell Edward M, Ratey John J, . Delivered from distraction. New York: Ballantine Books. 2005.

  • Place hold
  • Print
  • Cite
  • Add to your cart (remove)
  • Save record
    BIBTEX Dublin Core MARCXML MARC (non-Unicode/MARC-8) MARC (Unicode/UTF-8) MARC (Unicode/UTF-8, Standard) MODS (XML) RIS
  • More searches
    Search for this title in:
    Other Libraries (WorldCat) Other Databases (Google Scholar) Online Stores (Bookfinder.com) Open Library (openlibrary.org)

Exporting to Dublin Core...

SOUTHVILLE LIBRARY

Southville International School and Colleges Library

1281 Tropical Ave. Cor. Luxembourg St., BF Homes International, Las Pinas City

Tel. No. 8256374 / 252358 Loc. 117/146

Powered by Koha